| 000 | 00324nam a22001337a 4500 | ||
|---|---|---|---|
| 003 | OSt | ||
| 005 | 20231127191559.0 | ||
| 008 | 231127b |||||||| |||| 00| 0 eng d | ||
| 040 | _cCO-JMCR | ||
| 082 |
_aA / _bGORe |
||
| 100 |
_aGorey Edward _eautor _942952 |
||
| 245 |
_aEl jardin maletico / _cEdward Gorey |
||
| 942 |
_2ddc _cBK |
||
| 999 |
_c30352 _d16736 |
||